000 01005cam a2200289 4500
001 ABS68371
008 041021n2004 000 0 eng u
035 _a(Sirsi) u127791
100 _aHaggett, C.
245 _aTilting at windmills
260 _c2004
490 _aTown and Country Planning
_v73(10) October 2004, 288-290(3)
520 _aDiscusses the conflict between general public support for renewable energy and local protests against wind turbine installations. Considers that local protests should be viewed in the specific context of particular proposals and from the point of view of those involved.
590 _aABS
590 _aABS
650 _aRENEWABLE ENERGY
650 _aWIND FARMS
650 _aPLANNING-PRACTICE
650 _aRENEWABLE ENERGY PROJECTS
650 _aPLANNING DECISIONS
650 _aLOCAL AUTHORITIES
650 _aSCOTTISH PLANNING ADVICE NOTE 45
650 _aPPS22
690 _aPLANNING-PRACTICE
700 _aVigar, G.
942 _n0
999 _c118209
_d118209